000 00360nam a22001457a 4500
999 _c2867
_d2867
008 200317b ||||| |||| 00| 0 eng d
082 0 0 _a343.4
_bS8441
100 _91603
_aStevens, Edward F.
245 1 0 _aShipping practice
_cby Edward F. Stevens
250 _a7th ed.
260 _aLondon
_bPitman
_c1952
300 _a174 p.
650 0 _aShipping
942 _cBK